MORe M25 office research - June 2001 (Record no. 101543)

MARC details
000 -LEADER
fixed length control field 00653cam a2200229 4500
001 - CONTROL NUMBER
control field J113678
008 - FIXED-LENGTH DATA ELEMENTS--GENERAL INFORMATION
fixed length control field 010718n2001 000 0 eng u
035 ## - SYSTEM CONTROL NUMBER
System control number (Sirsi) u113678
050 ## - LIBRARY OF CONGRESS CALL NUMBER
Classification number 333.337
110 ## - MAIN ENTRY--CORPORATE NAME
Corporate name or jurisdiction name as entry element DTZ Research
9 (RLIN) 3886
245 ## - TITLE STATEMENT
Title MORe M25 office research - June 2001
260 ## - PUBLICATION, DISTRIBUTION, ETC.
Place of publication, distribution, etc. London
Name of publisher, distributor, etc. DTZ
Date of publication, distribution, etc. 2001
300 ## - PHYSICAL DESCRIPTION
Extent 9p. ; ill. ; 30cm.
520 ## - SUMMARY, ETC.
Summary, etc. Available on the DTZ website http://www.dtz.com
650 ## - SUBJECT ADDED ENTRY--TOPICAL TERM
Topical term or geographic name entry element M25
650 ## - SUBJECT ADDED ENTRY--TOPICAL TERM
Topical term or geographic name entry element GREATER LONDON
650 ## - SUBJECT ADDED ENTRY--TOPICAL TERM
Topical term or geographic name entry element OFFICES
650 ## - SUBJECT ADDED ENTRY--TOPICAL TERM
Topical term or geographic name entry element PROPERTY-COMMERCIAL PROPERTY-COMMERCIAL PROPERTY MARKET
690 ## - LOCAL SUBJECT ADDED ENTRY--TOPICAL TERM (OCLC, RLIN)
Topical term or geographic name as entry element PROPERTY-COMMERCIAL PROPERTY
856 ## - ELECTRONIC LOCATION AND ACCESS
Uniform Resource Identifier <a href="https://www.dtz.com">https://www.dtz.com</a>
942 ## - ADDED ENTRY ELEMENTS (KOHA)
Suppress in OPAC 0
Holdings
Withdrawn status Lost status Source of classification or shelving scheme Damaged status Not for loan Home library Current library Shelving location Date acquired Total Checkouts Full call number Barcode Date last seen Copy number Price effective from Koha item type
    Dewey Decimal Classification     London London Property market reports 18/07/2001   PROPERTY MARKET REPORTS 30064681 06/08/2019 1 06/08/2019 Book